Sports Quiz

Random Sports or Cricket Quiz

Cricket Outs Quiz Stats

 Plays Quiz Updated May 5, 2019

Score 0/10 Timer 02:00
24 Plays Today
Law Out % Correct
Law 32Caught
98%
Law 30Bowled
90.2%
Law 36Leg Before Wicket
88.3%
Law 38Run Out
87.9%
Law 39Stumped
79.5%
Law 35Hit Wicket
62.6%
Law 31Timed Out
48.9%
Law 33Handled the ball
42.1%
Law 37Obstructing The Field
41.8%
Law 34Double hit
36.4%

You're not logged in!

Compare scores with friends on all Sporcle quizzes.
OR
Log In

Sporcle TV

Today on Sporcle TV


Watch our educational content, quiz creation guides, and fun videos on Sporcle TV.

Show Comments

Extras

Top Quizzes Today


Score Distribution

Your Account Isn't Verified!

In order to create a playlist on Sporcle, you need to verify the email address you used during registration. Go to your Sporcle Settings to finish the process.

Report this User

Report this user for behavior that violates our Community Guidelines.

Details: